European birds by picture #1 - Statistics

General Stats
  • This quiz has been taken 29 times
  • The average score is 10 of 16
Answer Stats
Picture Answer % Correct
Great tit
91%
European robin
74%
Eurasian jay
70%
Grey heron
70%
White wagtail
70%
Wood pigeon
70%
Eurasian magpie
65%
House sparrow
65%
Common blackbird
61%
Common chaffinch
61%
European goldfinch
61%
Great spotted woodpecker
61%
Carrion crow
52%
Common starling
52%
Eurasian blue tit
52%
Common buzzard
48%
No matching quizzes found
Score Distribution
Percent of People with Each Score
Percentile by Number Answered
Your Score History
You have not taken this quiz